Statistics for Countries of the World by National Dish

Click here to take the quiz!

General Stats

  • This quiz has been taken 11 times
  • The average score is 20 of 195

Answer Stats

HintAnswer% Correct
KimchiSouth Korea
75%
Fish and chipsUnited Kingdom
75%
EmpanadasChile
63%
PaellaSpain
63%
Pad thaiThailand
63%
PoutineCanada
50%
Peking duckChina
50%
HamburgerUnited States of America
50%
PhởVietnam
50%
CouscousAlgeria
38%
ĆevapiBosnia and Herzegovina
38%
CouscousMorocco
38%
Jollof riceNigeria
38%
FårikålNorway
38%
CevichePeru
38%
Hainanese chicken riceSingapore
38%
BorschtUkraine
38%
Kabuli pulaoAfghanistan
25%
Moamba de galinhaAngola
25%
Wiener schnitzelAustria
25%
Moules-fritesBelgium
25%
Ropa viejaCuba
25%
SvíčkováCzech Republic
25%
Stegt flæskDenmark
25%
PupusaEl Salvador
25%
Pot-au-feuFrance
25%
MoussakaGreece
25%
Poulet yassaGuinea
25%
GoulashHungary
25%
KhichdiIndia
25%
Ragù alla bologneseItaly
25%
Dal bhatNepal
25%
AdoboPhilippines
25%
BacalhauPortugal
25%
Torta Tre MontiSan Marino
25%
ĆevapčićiSerbia
25%
Tavë kosiAlbania
13%
AsadoArgentina
13%
Roast lambAustralia
13%
ConchBahamas
13%
Rice and beansBelize
13%
Kuli-kuliBenin
13%
FeijoadaBrazil
13%
Bandeja paisaColombia
13%
Poulet à la moambéDemocratic Republic of the Congo
13%
Attiéké
Ivory Coast
13%
La banderaDominican Republic
13%
Bolón de VerdeEcuador
13%
Doro watEthiopia
13%
Poulet NyembweGabon
13%
KhachapuriGeorgia
13%
SauerbratenGermany
13%
FufuGhana
13%
GriyoHaiti
13%
FalafelIsrael
13%
Ackee and saltfishJamaica
13%
Kare raisuJapan
13%
MansafJordan
13%
Tavë PrizreniKosovo
13%
Machboos lahamKuwait
13%
BeschbarmakKyrgyzstan
13%
Pelēkie zirņi ar speķiLatvia
13%
KibbehLebanon
13%
DumboyLiberia
13%
CouscousLibya
13%
KäsknöpfleLiechtenstein
13%
CepelinaiLithuania
13%
NsimaMalawi
13%
Dholl puriMauritius
13%
Mole poblanoMexico
13%
BarbagiuanMonaco
13%
NaengmyeonNorth Korea
13%
UlkoyPalau
13%
SancochoPanama
13%
Sopa paraguayaParaguay
13%
SarmaleRomania
13%
KabsaSaudi Arabia
13%
Bryndzové haluškySlovakia
13%
BobotieSouth Africa
13%
KottuSri Lanka
13%
KöttbullarSweden
13%
FondueSwitzerland
13%
KibbehSyria
13%
Osh palovTajikistan
13%
CallalooTrinidad and Tobago
13%
KhuziUnited Arab Emirates
13%
ChivitoUruguay
13%
PlovUzbekistan
13%
Fettuccine alla PapalinaVatican city
13%
NshimaZambia
13%
EscudellaAndorra
0%
Fungie and pepper potAntigua and Barbuda
0%
HareesArmenia
0%
Yarpaq dolmasiAzerbaijan
0%
MachboosBahrain
0%
Ilish and riceBangladesh
0%
Cou-cou and flying fishBarbados
0%
DranikiBelarus
0%
Ema datshiBhutan
0%
SalteñaBolivia
0%
SeswaaBotswana
0%
AmbuyatBrunei
0%
Shopska saladBulgaria
0%
Riz grasBurkina Faso
0%
Boko bokoBurundi
0%
Fish amokCambodia
0%
NdoléCameroon
0%
CachupaCape Verde
0%
KandaCentral African Republic
0%
La bouillieChad
0%
Langouste à la vanilleComoros
0%
CasadoCosta Rica
0%
Zagorski štrukliCroatia
0%
SouvlaCyprus
0%
SkoudehkarisDjibouti
0%
Mountain chickenDominica
0%
KoshariEgypt
0%
SuccotashEquatorial Guinea
0%
TsebhiEritrea
0%
VerivorstEstonia
0%
Karoo roast ostrich steakEswatini
0%
KokodaFiji
0%
KarjalanpaistiFinland
0%
DomodaGambia
0%
Oil downGrenada
0%
PepiánGuatemala
0%
Caldo mancarraGuinea-Bissau
0%
Pepper potGuyana
0%
CarneadaHonduras
0%
HákarlIceland
0%
TumpengIndonesia
0%
Chelo kebabIran
0%
MasgoufIraq
0%
Breakfast rollIreland
0%
BeshbarmakKazakhstan
0%
UgaliKenya
0%
PalusamiKiribati
0%
LarbLaos
0%
Pap-papLesotho
0%
Judd mat GaardebounenLuxembourg
0%
RomazavaMadagascar
0%
Nasi lemakMalaysia
0%
GulhaMaldives
0%
Tiga déguéMali
0%
Stuffat tal-fenekMalta
0%
Barramundi codMarshall Islands
0%
ThieboudienneMauritania
0%
Pihlohlo mwehngMicronesia
0%
MămăligăMoldova
0%
BuuzMongolia
0%
Njeguški pršutMontenegro
0%
XimaMozambique
0%
MohingaMyanmar
0%
Meat and papNamibia
0%
Coconut fishNauru
0%
StamppotNetherlands
0%
Meat pieNew Zealand
0%
GallopintoNicaragua
0%
Djerma stewNiger
0%
Tavče-gravčeNorth Macedonia
0%
ShuwaOman
0%
NihariPakistan
0%
MumuPapua New Guinea
0%
SchabowyPoland
0%
MajboosQatar
0%
Poulet moambéRepublic of the Congo
0%
PelmeniRussia
0%
BrochettesRwanda
0%
Stewed saltfishSaint Kitts and Nevis
0%
Green figs and saltfishSaint Lucia
0%
Roasted breadfruit and fried jackfishSaint Vincent and the Grenadines
0%
PanipopoSamoa
0%
CaluluSão Tomé and Príncipe
0%
ThieboudienneSenegal
0%
Bouyon BlanSeychelles
0%
Cassava leaf stewSierra Leone
0%
Buckwheat spoonbreadSlovenia
0%
Idrijski žlikrofiSolomon Islands
0%
Bariis IskukarisSomalia
0%
Ful medamesSouth Sudan
0%
FulSudan
0%
PomSuriname
0%
Chipsi mayaiTanzania
0%
Ikan PepesTimor-Leste
0%
AkouméTogo
0%
Ota IkaTonga
0%
KosksiTunisia
0%
Kuru fasulyeTurkey
0%
IshlekiTurkmenistan
0%
PulakaTuvalu
0%
MatookeUganda
0%
LaplapVanuatu
0%
Pabellón criolloVenezuela
0%
SaltahYemen
0%
SadzaZimbabwe
0%

Score Distribution

Percentile by Number Answered

Percent of People with Each Score

Your Score History

You have not taken this quiz